Proceedings of SAARC workshop on postharvest technology, 24-25 September 2002, Kathmandu, Nepal (Record no. 44113)

MARC details
000 -LEADER
fixed length control field 00338nam a2200109Ia 4500
020 ## - INTERNATIONAL STANDARD BOOK NUMBER
ISBN 9843210239
082 ## - DEWEY DECIMAL CLASSIFICATION NUMBER
Classification number 631.56(063)
Item number SAA
245 #0 - TITLE STATEMENT
Title Proceedings of SAARC workshop on postharvest technology, 24-25 September 2002, Kathmandu, Nepal
260 ## - PUBLICATION, DISTRIBUTION, ETC. (IMPRINT)
Place of publication Bangladesh
Name of publisher SAIC
Year of publication 2003
942 ## - ADDED ENTRY ELEMENTS (KOHA)
Koha item type Books
Holdings
Withdrawn status Lost status Damaged status Not for loan Home library Current library Date acquired Source of acquisition Full call number Accession Number Koha item type
        RRII Library RRII Library 16/12/2021 Gift 631.56(063) SAA G00861 Books